El primer proyecto americano de Código penal / (Record no. 182364)

MARC details
000 -LEADER
campo de control de longitud fija 00806nam a2200229 i 4500
001 - NÚMERO DE CONTROL
campo de control 182364
003 - IDENTIFICADOR DE NÚMERO DE CONTROL
campo de control ES-MaACL
005 - FECHA Y HORA DE LA ÚLTIMA TRANSACCIÓN
campo de control 20250809034738.0
008 - DATOS DE LONGITUD FIJA--INFORMACIÓN GENERAL
campo de control de longitud fija 130806s1985 cl | |||| ||spa d
080 ## - NÚMERO DE LA CLASIFICACIÓN DECIMAL UNIVERSAL
Número de la Clasificación Decimal Universal 929 Vidaurre, Manuel Lorenzo de
080 ## - NÚMERO DE LA CLASIFICACIÓN DECIMAL UNIVERSAL
Número de la Clasificación Decimal Universal 340.134:343(83)"18"
100 0# - ENTRADA PRINCIPAL--NOMBRE DE PERSONA
Nombre de persona Rivacoba y Rivacoba, Manuel de.
9 (RLIN) 97535
245 13 - MENCIÓN DEL TÍTULO
Título El primer proyecto americano de Código penal /
Mención de responsabilidad, etc. Manuel de Rivacoba y Rivacoba.
260 ## - PUBLICACIÓN, DISTRIBUCIÓN, ETC.
Lugar de publicación, distribución, etc. Santiago de Chile :
Nombre del editor, distribuidor, etc. [Instituto de Chile],
Fecha de publicación, distribución, etc. 1985.
300 ## - DESCRIPCIÓN FÍSICA
Extensión P. 85-93 ;
Dimensiones 23 cm.
500 ## - NOTA GENERAL
Nota general Separata de: Anales del Instituto de Chile.
594 ## - Nota al título y mención de responsabilidad
Nota al título y mención de responsabilidad Tít. tomado de la cub.
600 17 - PUNTO DE ACCESO ADICIONAL DE MATERIA--NOMBRE DE PERSONA
Nombre de persona Vidaurre, Manuel Lorenzo de,
Fechas asociadas al nombre 1773-1841
Fuente del encabezamiento o término
9 (RLIN) 153184
650 04 - PUNTO DE ACCESO ADICIONAL DE MATERIA--TÉRMINO DE MATERIA
Término de materia o nombre geográfico como elemento de entrada Derecho penal-
Subdivisión geográfica Chile
9 (RLIN) 11751
852 ## - LOCALIZACIÓN
Ubicación ES-MaACL
Número de control de estantería 2319-F-27
Holdings
Estatus retirado Estado de pérdida Estado de daño No para préstamo Colección Biblioteca de origen Biblioteca actual Ubicación en estantería Fecha de adquisición Fuente de adquisición Total de préstamos Signatura topográfica completa Código de barras Visto por última vez Precio de reemplazo Tipo de ítem Koha
        Colección de folletos Biblioteca del Ateneo de Madrid Biblioteca del Ateneo de Madrid Depósito folletos 06/08/2013     2319-F-27 1191642 23/02/2023 23/02/2023 Folleto